|
|
|
|
| LEADER |
01636nam a22003495i 4500 |
| 001 |
33637 |
| 003 |
BD-DhAAL |
| 005 |
20211116160754.0 |
| 008 |
180805t20182018enkad b 001 0 eng |
| 999 |
|
|
|c 39436
|d 39436
|
| 010 |
|
|
|a 2018411629
|
| 020 |
|
|
|a 9781911116714
|
| 020 |
|
|
|a 9781911116721
|
| 040 |
|
|
|a DLC
|c DLC
|e rda
|d BD-DhAAL
|
| 042 |
|
|
|a pcc
|
| 082 |
|
|
|a 338.476292
|
| 100 |
1 |
|
|a Cassia, Fabio
|9 27668
|
| 245 |
1 |
4 |
|a The economics of cars /
|c Fabio Cassia and Matteo Ferrazzi.
|
| 260 |
|
|
|a Newcastle upon Tyne :
|b Agenda Publishing Limited,
|c c2018.
|
| 300 |
|
|
|a v, 119 pages :
|b illustrations, charts ;
|c 21 cm.
|
| 504 |
|
|
|a Includes bibliographical references (pages 109-114) and index.
|
| 526 |
|
|
|a ARC
|
| 541 |
|
|
|a Karim International
|e 33637, 33638, 33643
|
| 650 |
|
0 |
|a Automobile industry and trade.
|9 27669
|
| 650 |
|
0 |
|a Automobiles
|x Economic aspects.
|9 27670
|
| 650 |
|
0 |
|a Architecture
|9 42742
|
| 700 |
1 |
|
|a Ferrazzi, Matteo,
|d 1975-
|9 27671
|
| 852 |
|
|
|a Ayesha Abed Library
|c General Stacks
|
| 942 |
|
|
|2 ddc
|c BK
|
| 952 |
|
|
|0 0
|1 0
|2 ddc
|4 0
|6 338_476292000000000_CAS
|7 0
|9 64109
|a BRACUL
|b BRACUL
|c GEN
|d 2018-07-29
|e Karim International
|g 4000.00
|l 0
|o 338.476292 CAS
|p 3010033637
|r 2018-07-29
|t 1
|v 4000.00
|w 2018-07-29
|y BK
|
| 952 |
|
|
|0 0
|1 0
|2 ddc
|4 0
|6 338_476292000000000_CAS
|7 0
|9 64110
|a BRACUL
|b BRACUL
|c GEN
|d 2018-07-29
|e Karim International
|g 4000.00
|l 4
|m 14
|o 338.476292 CAS
|p 3010033638
|r 2025-12-06
|s 2025-11-20
|t 2
|v 4000.00
|w 2018-07-29
|y BK
|
| 952 |
|
|
|0 0
|1 0
|2 ddc
|4 0
|6 338_476292000000000_CAS
|7 0
|9 64111
|a BRACUL
|b BRACUL
|c GEN
|d 2018-07-29
|e Karim International
|g 4000.00
|l 0
|o 338.476292 CAS
|p 3010033643
|r 2018-07-29
|t 3
|v 4000.00
|w 2018-07-29
|y BK
|